Click on state by their nickname - Statistics

General Stats
  • This quiz has been taken 27 times
  • The average score is 27 of 50
Answers on the Map
Answers color-coded by a green-red scale on the quiz's map according to % correct below.
 
Answer Stats
Answer % Correct
The Great Lakes State
96%
The Aloha State
87%
The Lone Star State
87%
The Empire State
83%
The Buckeye State
74%
The Sunshine State
74%
Mount Rushmore State
70%
The Bluegrass State
70%
The Golden State
70%
The Grand Canyon State
70%
The Peach State
70%
The Sooner State
70%
The Sunflower State
70%
The Cornhusker State
65%
The Garden State
65%
The Keystone State
65%
The Last Frontier
65%
The Evergreen State
61%
The Hoosier State
61%
The Show Me State
61%
The Tar Heel State
61%
The Volunteer State
61%
The First State
57%
The Badger State
52%
The Beaver State
52%
The Bay State
48%
The Green Mountain State
48%
The Hawkeye State
48%
The Old Dominion State
48%
The Pelican State
48%
The Silver State
48%
The Centennial State
43%
The Ocean State
43%
The Palmetto State
43%
The Pine Tree State
43%
The Gem State
39%
The North Star State
39%
The Prairie State
39%
The Beehive State
35%
The Constitution State
35%
The Equality State / The Cowboy State
35%
The Land of Enchantment
35%
The Natural State
35%
The Granite State
30%
The Mountain State
30%
The Peace Garden State
30%
The Treasure State
30%
Yellowhammer State
26%
The Magnolia State
22%
The Old Line State
17%
No matching quizzes found
Score Distribution
Percent of People with Each Score
Percentile by Number Answered
Your Score History
You have not taken this quiz